[Event "2025 Welsh Open"]
[Site "Mercure Cardiff North Hotel, Circle Way East, Llanedeyrn, Cardiff CF23 9XF"]
[Date "2025.04.18"]
[Round "1"]
[Board "4"]
[White "Vlkova, Anezka"]
[Black "Hurn, Robert Aj"]
[Result "1-0"]
[WhiteElo "1979"]
[BlackElo "1646"]
[PlyCount "91"]
[GameId "2191926938908797"]
[EventDate "2025.04.18"]
[EventRounds "7"]
[EventCountry "WLS"]

1. e4 c5 2. Nc3 Nc6 3. g3 g6 4. Bg2 Bg7 5. Nge2 e6 6. O-O Nge7 7. d3 d6 8. Bg5 h6 9. Be3 Nd4 10. Qd2 h5 11. Nd1 Rb8 12. c3 Nxe2+ 13. Qxe2 h4 14. d4 b6 15. d5 e5 16. f4 hxg3 17. hxg3 Bh3 18. Nf2 Bxg2 19. Kxg2 b5 20. fxe5 Bxe5 21. Ng4 Bg7 22. Bg5 Qc8 23. Qf3 Rf8 24. Bf6 Bxf6 25. Nxf6+ Kd8 26. Nh7 Rh8 27. Ng5 Kc7 28. Qxf7 Qd7 29. Ne6+ Kb6 30. Rh1 Rhe8 31. Rh7 b4 32. cxb4 Qb5 33. bxc5+ dxc5 34. Qf2 Qc4 35. Re1 Nxd5 36. exd5 Qxd5+ 37. Qf3 Qxa2 38. Qf6 Qd5+ 39. Kg1 Qd2 40. Nc7+ Ka5 41. Rxe8 Qd1+ 42. Kf2 Qc2+ 43. Re2 Qd3 44. Qc3+ Qxc3 45. bxc3 Rf8+ 46. Kg2 1-0

[Event "2025 Welsh Open"]
[Site "Mercure Cardiff North Hotel, Circle Way East, Llanedeyrn, Cardiff CF23 9XF"]
[Date "2025.04.18"]
[Round "1"]
[Board "5"]
[White "Williams, John A"]
[Black "Gibbs, Dominic V"]
[Result "0-1"]
[WhiteElo "1644"]
[BlackElo "1961"]
[PlyCount "116"]
[GameId "2191926938925182"]
[EventDate "2025.04.18"]
[EventRounds "7"]
[EventCountry "WLS"]

1. d4 d6 2. c4 Nf6 3. Nc3 g6 4. e4 Bg7 5. Be2 O-O 6. Bg5 Nbd7 7. Qd2 e5 8. d5 a5 9. h4 Nc5 10. h5 Qd7 11. hxg6 fxg6 12. f3 Qf7 13. Bh6 Bxh6 14. Rxh6 Nh5 15. g4 Qf4 16. gxh5 Qxd2+ 17. Kxd2 Kg7 18. Nb5 Na6 19. hxg6 Kxh6 20. gxh7 Kxh7 21. Nh3 Bxh3 22. Rh1 Rf6 23. Rxh3+ Rh6 24. Bf1 Rf8 25. Ke3 Rff6 26. Nc3 Nb4 27. Nb5 c6 28. dxc6 bxc6 29. a3 Nc2+ 30. Kd2 cxb5 31. Kxc2 bxc4 32. Rxh6+ Kxh6 33. Bxc4 Rxf3 34. Bd5 Kg5 35. b3 Kf4 36. Kb2 Ke3 37. b4 axb4 38. axb4 Kd4 39. Kc2 Re3 40. b5 Kc5 41. Bc6 Ra3 42. Kb2 Ra5 43. Kc3 Ra4 44. Kb3 Rb4+ 45. Kc3 Rd4 46. Kb3 Rc4 47. Kb2 d5 48. Bxd5 Rb4+ 49. Kc3 Rxb5 50. Kd3 Rb1 51. Kc3 Rh1 52. Kd3 Rh3+ 53. Ke2 Kd4 54. Kf2 Kd3 55. Bc6 Rh6 56. Bd5 Rf6+ 57. Kg3 Rf4 58. Kg2 Rxe4 0-1

[Event "2025 Welsh Open"]
[Site "Mercure Cardiff North Hotel, Circle Way East, Llanedeyrn, Cardiff CF23 9XF"]
[Date "2025.04.18"]
[Round "1"]
[Board "6"]
[White "Adams, Mark"]
[Black "Larg, Richard"]
[Result "1-0"]
[WhiteElo "1916"]
[BlackElo "1629"]
[PlyCount "69"]
[GameId "2191926938937471"]
[EventDate "2025.04.18"]
[EventRounds "7"]
[EventCountry "WLS"]

1. e4 e5 2. Nf3 Nc6 3. Bc4 Bc5 4. O-O Nf6 5. d4 Bxd4 6. Nxd4 Nxd4 7. Bg5 b5 8. Bd3 c6 9. f4 Qb6 10. Kh1 d6 11. f5 c5 12. c3 Nc6 13. Qe2 a6 14. Na3 Bd7 15. Rad1 O-O-O 16. Bb1 Be8 17. Nc2 h6 18. Bh4 Rd7 19. Ne3 Ne7 20. Rd2 d5 21. Bxf6 gxf6 22. exd5 Rd6 23. Be4 Qd8 24. b4 c4 25. a4 Kb7 26. axb5 Bxb5 27. Nxc4 Bxc4 28. Qxc4 Qc7 29. Qxc7+ Kxc7 30. c4 Kb8 31. c5 Rdd8 32. d6 Nc8 33. Ra1 Rhg8 34. Rxa6 Na7 35. Rxa7 1-0

[Event "2025 Welsh Open"]
[Site "Mercure Cardiff North Hotel, Circle Way East, Llanedeyrn, Cardiff CF23 9XF"]
[Date "2025.04.18"]
[Round "1"]
[Board "7"]
[White "Enoch, Kristan"]
[Black "Thomas, Mark"]
[Result "1/2-1/2"]
[WhiteElo "1611"]
[BlackElo "1898"]
[PlyCount "97"]
[GameId "2191926938945664"]
[EventDate "2025.04.18"]
[EventRounds "7"]
[EventCountry "WLS"]

1. e4 g6 2. d4 Bg7 3. f4 d6 4. Nc3 Nf6 5. Nf3 O-O 6. h3 c5 7. Be3 cxd4 8. Nxd4 Nc6 9. Qd2 Bd7 10. g4 Rc8 11. Be2 a6 12. g5 Ne8 13. h4 Nxd4 14. Bxd4 e5 15. fxe5 dxe5 16. Be3 Be6 17. Qxd8 Rxd8 18. Bc5 Nc7 19. Bxf8 Bxf8 20. a3 Bc5 21. Rd1 Bd4 22. Nb1 Rc8 23. c3 Be3 24. Nd2 Ne8 25. Nf3 Bf4 26. Bf1 Kf8 27. Bh3 Ke7 28. Bxe6 Kxe6 29. Kf2 Nd6 30. Rhe1 b5 31. Ng1 h6 32. Nh3 hxg5 33. hxg5 Rh8 34. Nxf4+ exf4 35. Kf3 Rh2 36. Kxf4 Rxb2 37. Ke3 Rg2 38. Rg1 Rh2 39. Rgf1 Nc4+ 40. Kd4 Rh4 41. Rf6+ Ke7 42. Rxf7+ Kxf7 43. Rf1+ Ke7 44. Rf6 Nd6 45. Rxg6 Nxe4 46. Rxa6 Nxg5+ 47. Kc5 Ne4+ 48. Kxb5 Nxc3+ 49. Kb6 1/2-1/2

[Event "2025 Welsh Open"]
[Site "Mercure Cardiff North Hotel, Circle Way East, Llanedeyrn, Cardiff CF23 9XF"]
[Date "2025.04.18"]
[Round "1"]
[Board "8"]
[White "Van Noorden, Nicolas"]
[Black "Hollyman, Mike"]
[Result "1-0"]
[WhiteElo "1888"]
[BlackElo "1606"]
[PlyCount "59"]
[GameId "2191926938953857"]
[EventDate "2025.04.18"]
[EventRounds "7"]
[EventCountry "WLS"]

1. e4 c6 2. Nf3 d5 3. Nc3 dxe4 4. Nxe4 Nf6 5. Qe2 Nxe4 6. Qxe4 Nd7 7. Bc4 e6 8. d4 Nf6 9. Qe2 b5 10. Bb3 a5 11. c3 Ba6 12. Ne5 Qc7 13. O-O Bd6 14. Re1 O-O 15. Bc2 Bb7 16. Bg5 Be7 17. Qd3 g6 18. Qh3 Nd5 19. Bh6 Rfe8 20. Nxf7 Bf6 21. Ne5 c5 22. Rac1 g5 23. Qg4 Kh8 24. Nf3 Bc8 25. Bxg5 Rg8 26. Bxf6+ Nxf6 27. Qh4 Qg7 28. g3 Bb7 29. Ne5 Raf8 30. Ng6+ 1-0

[Event "2025 Welsh Open"]
[Site "Mercure Cardiff North Hotel, Circle Way East, Llanedeyrn, Cardiff CF23 9XF"]
[Date "2025.04.18"]
[Round "1"]
[Board "9"]
[White "George, Naveen Daniel"]
[Black "Sipho, Donovan"]
[Result "1/2-1/2"]
[WhiteElo "1591"]
[BlackElo "1787"]
[PlyCount "89"]
[GameId "2191926938962050"]
[EventDate "2025.04.18"]
[EventRounds "7"]
[EventCountry "WLS"]

1. e4 c5 2. Nf3 Nc6 3. d4 cxd4 4. Nxd4 e5 5. Nb5 d6 6. N1c3 a6 7. Na3 Nf6 8. Bg5 Be7 9. Bxf6 Bxf6 10. Nd5 Bg5 11. c3 O-O 12. Be2 f5 13. Bf3 f4 14. O-O Be6 15. Nc2 b5 16. a4 Ne7 17. Ncb4 a5 18. Nxe7+ Bxe7 19. Nc6 Qc7 20. Nxe7+ Qxe7 21. axb5 Rfc8 22. Qd2 Qc7 23. Rfd1 Rd8 24. Rdc1 Bc4 25. Be2 d5 26. Qc2 Qc5 27. exd5 Qxb5 28. Bf3 Rab8 29. Re1 Re8 30. Qa4 Bxd5 31. Bxd5+ Qxd5 32. Qxa5 Qxa5 33. Rxa5 Rxb2 34. h3 Rc2 35. Raxe5 Rxe5 36. Rxe5 Rxc3 37. Rf5 Rc4 38. Kf1 g6 39. Re5 Kf7 40. Ke2 Kf6 41. Rb5 h5 42. h4 f3+ 43. Kxf3 Rxh4 44. Rb6+ Kf5 45. Rb5+ 1/2-1/2

[Event "2025 Welsh Open"]
[Site "Mercure Cardiff North Hotel, Circle Way East, Llanedeyrn, Cardiff CF23 9XF"]
[Date "2025.04.18"]
[Round "1"]
[Board "10"]
[White "Smith, Andrew R"]
[Black "Enoch, Stuart"]
[Result "1-0"]
[WhiteElo "1779"]
[BlackElo "1588"]
[PlyCount "89"]
[GameId "2191926938978435"]
[EventDate "2025.04.18"]
[EventRounds "7"]
[EventCountry "WLS"]

1. e4 d5 2. exd5 Nf6 3. d4 Qxd5 4. Nc3 Qd8 5. Nf3 g6 6. Bc4 Bg4 7. Be3 Bg7 8. Bxf7+ Kxf7 9. Ne5+ Ke8 10. Nxg4 Nd5 11. Qd3 Nxc3 12. Qxc3 Rf8 13. Qc4 Qd6 14. f3 Qc6 15. Qb3 a5 16. O-O b5 17. Ne5 Bxe5 18. dxe5 a4 19. Qd3 Kf7 20. Bh6 Re8 21. f4 Qb6+ 22. Kh1 e6 23. Rad1 c5 24. Bg5 Ra7 25. Qd6 Nc6 26. Rf3 Rb7 27. Rh3 h5 28. c3 Ne7 29. Qxb6 Rxb6 30. Rd7 Kf8 31. Rd6 Reb8 32. Bxe7+ Kxe7 33. Rhd3 R8b7 34. Rd8 Ra7 35. g3 Rbb7 36. R8d6 Rc7 37. Kg2 Rd7 38. Kf3 Rac7 39. Ke4 b4 40. cxb4 cxb4 41. Rxd7+ Rxd7 42. Rxd7+ Kxd7 43. Kd4 Kc6 44. Kc4 a3 45. b3 1-0

[Event "2025 Welsh Open"]
[Site "Mercure Cardiff North Hotel, Circle Way East, Llanedeyrn, Cardiff CF23 9XF"]
[Date "2025.04.18"]
[Round "1"]
[Board "11"]
[White "Blankley, Toby"]
[Black "Jones, Steve"]
[Result "0-1"]
[WhiteElo "1566"]
[BlackElo "1777"]
[PlyCount "78"]
[GameId "2191926938986628"]
[EventDate "2025.04.18"]
[EventRounds "7"]
[EventCountry "WLS"]

1. e4 d6 2. d4 Nf6 3. Nc3 Nbd7 4. Nf3 e5 5. d5 Be7 6. Be2 c6 7. O-O Qc7 8. Be3 Ng4 9. Ng5 Nxe3 10. fxe3 Bxg5 11. Bc4 Nf6 12. Qf3 Qb6 13. Nd1 O-O 14. h3 Qc7 15. Bb3 b5 16. Rc1 Bb7 17. Nc3 b4 18. dxc6 Ba6 19. Ne2 Bxe2 20. Qxe2 Nxe4 21. Rfd1 Kh8 22. Bd5 Nf6 23. Bf3 e4 24. Bg4 Qxc6 25. Qe1 Nd5 26. Kh1 Nxe3 27. Qxb4 Nxd1 28. Rxd1 Rfd8 29. Bf5 d5 30. c3 Rab8 31. Qa5 Be3 32. Bxe4 Bb6 33. Rxd5 Qc4 34. Rxd8+ Rxd8 35. Qf5 Rd1+ 36. Kh2 Bc7+ 37. g3 g6 38. Qf6+ Kg8 39. Qf2 Qxe4 0-1

[Event "2025 Welsh Open"]
[Site "Mercure Cardiff North Hotel, Circle Way East, Llanedeyrn, Cardiff CF23 9XF"]
[Date "2025.04.18"]
[Round "1"]
[Board "12"]
[White "Malibiran, Aldrin"]
[Black "Bourne, Patrick"]
[Result "1/2-1/2"]
[WhiteElo "1771"]
[BlackElo "1561"]
[PlyCount "123"]
[GameId "2191926939003013"]
[EventDate "2025.04.18"]
[EventRounds "7"]
[EventCountry "WLS"]

1. e4 d6 2. d4 Nf6 3. Nc3 g6 4. Bg5 Bg7 5. e5 dxe5 6. dxe5 Qxd1+ 7. Rxd1 Nfd7 8. Nd5 Bxe5 9. Nf3 e6 10. Nxe5 exd5 11. Rxd5 O-O 12. Ng4 h5 13. Ne3 Nb6 14. Rd2 Be6 15. Be2 N8d7 16. O-O c6 17. f4 Nc5 18. Be7 Ne4 19. Rd4 Rfe8 20. Rxe4 Rxe7 21. f5 gxf5 22. Nxf5 Rd7 23. Ng3 Rd2 24. Bd3 Bd5 25. Re2 Rxe2 26. Nxe2 Re8 27. Rf5 Bc4 28. Rg5+ Kf8 29. Nf4 Bxd3 30. cxd3 Re1+ 31. Kf2 Rb1 32. b3 Rb2+ 33. Kg3 Rxa2 34. Rxh5 Nd7 35. Rh8+ Ke7 36. h4 Ra5 37. h5 Nf8 38. Kg4 Rb5 39. h6 Rxb3 40. h7 Nxh7 41. Rxh7 a5 42. Kf5 a4 43. Ng6+ Kd6 44. Ne5 a3 45. Nc4+ Kd5 46. Nxa3 Rxa3 47. Rxf7 Rxd3 48. Rxb7 Rg3 49. Rb2 c5 50. Kf4 Rg8 51. g4 Kd4 52. Rd2+ Kc3 53. Rd5 c4 54. g5 Kb2 55. Rb5+ Kc2 56. Kf5 c3 57. g6 Kc1 58. Rc5 c2 59. Kf6 Kb2 60. Rxc2+ Kxc2 61. Kf7 Rxg6 62. Kxg6 1/2-1/2

[Event "2025 Welsh Open"]
[Site "Mercure Cardiff North Hotel, Circle Way East, Llanedeyrn, Cardiff CF23 9XF"]
[Date "2025.04.18"]
[Round "1"]
[Board "13"]
[White "Thompson, Chris"]
[Black "Quinn, Peter"]
[Result "1/2-1/2"]
[WhiteElo "1551"]
[BlackElo "1770"]
[PlyCount "65"]
[GameId "2191926939015302"]
[EventDate "2025.04.18"]
[EventRounds "7"]
[EventCountry "WLS"]

1. d4 Nf6 2. Bf4 c5 3. c3 cxd4 4. cxd4 e6 5. e3 Nc6 6. Nc3 d6 7. Bd3 Be7 8. Nf3 O-O 9. O-O Qa5 10. Ne4 e5 11. Nxf6+ Bxf6 12. Bg5 Qd8 13. h4 h6 14. Bxf6 Qxf6 15. Rc1 Bg4 16. d5 e4 17. Bxe4 Ne5 18. Rc7 b6 19. Qe2 Bxf3 20. Bxf3 Rfc8 21. Rxc8+ Rxc8 22. Qa6 Nxf3+ 23. gxf3 Rc2 24. b4 Qxh4 25. Qxa7 Qg5+ 26. Kh2 Qxd5 27. Qxb6 Rxa2 28. Qd8+ Kh7 29. Qh4 Qxf3 30. Kg1 Qd5 31. Rb1 Qf5 32. e4 Qe5 33. b5 1/2-1/2

[Event "2025 Welsh Open"]
[Site "Mercure Cardiff North Hotel, Circle Way East, Llanedeyrn, Cardiff CF23 9XF"]
[Date "2025.04.18"]
[Round "1"]
[Board "14"]
[White "Rhydderch, Sam"]
[Black "Murthy, Arush"]
[Result "0-1"]
[WhiteElo "1759"]
[BlackElo "1539"]
[PlyCount "80"]
[GameId "2191926939027591"]
[EventDate "2025.04.18"]
[EventRounds "7"]
[EventCountry "WLS"]

1. e4 d5 2. exd5 Nf6 3. d4 Nxd5 4. c4 Nb6 5. Nf3 g6 6. Nc3 Bg7 7. Be2 Nc6 8. Be3 O-O 9. h3 e5 10. d5 Ne7 11. g4 Re8 12. c5 Nbxd5 13. Nxd5 Nxd5 14. Bg5 f6 15. Bc4 Be6 16. Be3 Nxe3 17. Bxe6+ Rxe6 18. Qxd8+ Rxd8 19. fxe3 Bf8 20. Rc1 Bh6 21. Ke2 Kf7 22. Rhd1 Ree8 23. Rxd8 Rxd8 24. c6 b6 25. b4 e4 26. Nd2 Rd3 27. Nf1 Ra3 28. Rc2 Rd3 29. Rd2 Bf8 30. b5 Rxd2+ 31. Kxd2 Bd6 32. Kc3 f5 33. Kd4 Ke6 34. g5 Bc5+ 35. Kc4 Ke5 36. Nh2 Bxe3 37. h4 Bf2 38. a4 Bxh4 39. Nf1 Bxg5 40. Ng3 h5 0-1

[Event "2025 Welsh Open"]
[Site "Mercure Cardiff North Hotel, Circle Way East, Llanedeyrn, Cardiff CF23 9XF"]
[Date "2025.04.18"]
[Round "1"]
[Board "15"]
[White "Hill, Glyn"]
[Black "Blackmore, Simon"]
[Result "0-1"]
[WhiteElo "1518"]
[BlackElo "1727"]
[PlyCount "94"]
[GameId "2191926939043976"]
[EventDate "2025.04.18"]
[EventRounds "7"]
[EventCountry "WLS"]

1. d4 d5 2. Nf3 Nc6 3. Bf4 e6 4. c3 Bd6 5. Bg3 Qe7 6. e3 Nf6 7. Nbd2 e5 8. Bb5 Nd7 9. dxe5 Ncxe5 10. Bh4 f6 11. Nd4 g6 12. f4 Nf7 13. Qe2 c6 14. Ba4 Nc5 15. Bc2 Ne6 16. N2f3 Bd7 17. Nxe6 Bxe6 18. Nd4 Bd7 19. O-O O-O-O 20. e4 g5 21. Bg3 Rde8 22. Rae1 gxf4 23. Bxf4 dxe4 24. Qxe4 Qd8 25. Qf3 Ne5 26. Bxe5 Bxe5 27. Nf5 Qb6+ 28. Kh1 Qxb2 29. Bb3 Qa3 30. Ne3 Bxc3 31. Nc4 Qb4 32. Rxe8+ Rxe8 33. Nd6+ Qxd6 34. Qxc3 Qe5 35. Qxe5 Rxe5 36. h3 f5 37. Bd1 Kc7 38. Bf3 Be6 39. Rf2 Re1+ 40. Kh2 Ra1 41. g4 fxg4 42. Bxg4 Rxa2 43. Rxa2 Bxa2 44. h4 Bb1 45. h5 a5 46. Kh3 a4 47. Kh4 a3 0-1

[Event "2025 Welsh Open"]
[Site "Mercure Cardiff North Hotel, Circle Way East, Llanedeyrn, Cardiff CF23 9XF"]
[Date "2025.04.18"]
[Round "1"]
[Board "16"]
[White "Thomas, Kevin"]
[Black "Malibiran, Alexis Kristoff"]
[Result "1-0"]
[WhiteElo "1719"]
[BlackElo "1505"]
[PlyCount "125"]
[GameId "2191926939052169"]
[EventDate "2025.04.18"]
[EventRounds "7"]
[EventCountry "WLS"]

1. e4 c5 2. d4 cxd4 3. c3 g6 4. Nf3 Bg7 5. Bc4 e6 6. Nxd4 Ne7 7. O-O d5 8. exd5 exd5 9. Bb3 O-O 10. Re1 h6 11. Bf4 a6 12. Nd2 Nbc6 13. N2f3 Nxd4 14. Nxd4 Nc6 15. Nf3 Be6 16. Qd2 g5 17. Be3 Na5 18. Bc2 Nc4 19. Qd3 f5 20. Bxg5 hxg5 21. Rxe6 Rc8 22. Rg6 g4 23. Qd4 Qd7 24. Ng5 Rc6 25. Rxg7+ Qxg7 26. Qxd5+ Kh8 27. Ne6 Qf7 28. Qd4+ Kg8 29. Nxf8 Kxf8 30. Qh8+ Ke7 31. b3 Nd6 32. Qe5+ Qe6 33. Qxe6+ Kxe6 34. c4 b5 35. Bd3 bxc4 36. bxc4 a5 37. Rc1 Ke5 38. Kf1 Kd4 39. Ke2 f4 40. f3 gxf3+ 41. gxf3 Nb7 42. Be4 Re6 43. Kd2 Nc5 44. Bd5 Rh6 45. Rh1 Rh3 46. Kc2 Nd3 47. Kb3 Nf2 48. Re1 Rxh2 49. Re2 Kc5 50. Ka4 Rg2 51. Kxa5 Rg7 52. Re6 Nd3 53. Rc6+ Kd4 54. Kb5 Ne5 55. Rd6 Ke3 56. c5 Nxf3 57. Bxf3 Kxf3 58. c6 Kg2 59. Kb6 f3 60. c7 f2 61. Rf6 Rg8 62. Kb7 Rg7 63. Kb8 1-0

[Event "2025 Welsh Open"]
[Site "Mercure Cardiff North Hotel, Circle Way East, Llanedeyrn, Cardiff CF23 9XF"]
[Date "2025.04.18"]
[Round "2"]
[Board "1"]
[White "De La Cruz Loredo, Ivan"]
[Black "Smith, Andrew R"]
[Result "1-0"]
[WhiteElo "2079"]
[BlackElo "1779"]
[PlyCount "63"]
[GameId "2191927195923405"]
[EventDate "2025.04.18"]
[EventRounds "7"]
[EventCountry "WLS"]

1. Nf3 Nf6 2. e3 d5 3. b3 Bg4 4. Bb2 e6 5. h3 Bh5 6. Be2 Be7 7. O-O O-O 8. c4 Nbd7 9. cxd5 exd5 10. d3 c6 11. a3 Re8 12. Nbd2 Qc7 13. Rc1 Bf8 14. Re1 Rad8 15. Qc2 Bd6 16. Nf1 Ne5 17. Nd4 Bg6 18. f4 Ned7 19. f5 Bh5 20. g4 Bg3 21. Red1 g6 22. Bf3 gxf5 23. Nxf5 Bg6 24. N1xg3 Rxe3 25. Nxe3 Qxg3+ 26. Qg2 Qf4 27. Qf2 Re8 28. Ng2 Qd6 29. Re1 Rd8 30. g5 Ne8 31. Bg4 Bxd3 32. Qd4 1-0

[Event "2025 Welsh Open"]
[Site "Mercure Cardiff North Hotel, Circle Way East, Llanedeyrn, Cardiff CF23 9XF"]
[Date "2025.04.18"]
[Round "2"]
[Board "2"]
[White "Jones, Steve"]
[Black "Van Veelen, Thomas"]
[Result "0-1"]
[WhiteElo "1777"]
[BlackElo "2055"]
[PlyCount "118"]
[GameId "2191927195943886"]
[EventDate "2025.04.18"]
[EventRounds "7"]
[EventCountry "WLS"]

1. d4 Nf6 2. Nf3 g6 3. Nc3 d5 4. Bf4 c5 5. e3 Bg7 6. Ne5 O-O 7. Be2 cxd4 8. exd4 Nc6 9. Qd2 Bf5 10. g4 Be6 11. f3 Nd7 12. Nxc6 bxc6 13. Bh6 Qb6 14. Bxg7 Kxg7 15. h4 h6 16. Qe3 c5 17. O-O-O cxd4 18. Rxd4 Rab8 19. b3 Qd6 20. f4 f5 21. h5 fxg4 22. hxg6 Bf5 23. Rxd5 Qxg6 24. Bxg4 Bxg4 25. Rg1 Nf6 26. Re5 Rbe8 27. Qxa7 Rf7 28. Ne2 Kh7 29. Kb2 e6 30. Qa4 Ree7 31. Nd4 Nd5 32. Nxe6 Rxe6 33. Rxd5 Qf6+ 34. Qd4 Bf3 35. Re5 Rd6 36. Qe3 Qxf4 37. Qxf4 Rxf4 38. Re7+ Kh8 39. a4 Rd8 40. Rgg7 Be4 41. a5 h5 42. Rg5 Rf5 43. Rxf5 Bxf5 44. Re5 Bg4 45. b4 Kg7 46. b5 Kf6 47. Re1 h4 48. a6 Bc8 49. Kb3 h3 50. Kb4 h2 51. Ka5 Rh8 52. Rh1 Ke7 53. Kb6 Bf5 54. a7 Be4 55. Rxh2 Rxh2 56. c4 Kd7 57. c5 Ra2 58. c6+ Kc8 59. c7 Ba8 0-1

[Event "2025 Welsh Open"]
[Site "Mercure Cardiff North Hotel, Circle Way East, Llanedeyrn, Cardiff CF23 9XF"]
[Date "2025.04.18"]
[Round "2"]
[Board "3"]
[White "Roberts, David L"]
[Black "Thomas, Kevin"]
[Result "1-0"]
[WhiteElo "1979"]
[BlackElo "1719"]
[PlyCount "65"]
[GameId "2191927195952079"]
[EventDate "2025.04.18"]
[EventRounds "7"]
[EventCountry "WLS"]

1. e4 d6 2. Nc3 g6 3. d4 Bg7 4. Be3 a6 5. Qd2 Nc6 6. Nf3 b5 7. a4 b4 8. Ne2 a5 9. Ng3 h5 10. Bc4 h4 11. Ne2 Nf6 12. Ng5 e6 13. Bb5 Bd7 14. O-O Ne7 15. Bd3 d5 16. f3 Rh5 17. c3 Qb8 18. c4 c6 19. Bf4 Qd8 20. Rac1 Nfg8 21. cxd5 exd5 22. Rfe1 f6 23. exd5 fxg5 24. Bxg5 Bf5 25. Bxf5 gxf5 26. Nf4 Rxg5 27. Ne6 Qb6 28. Qxg5 Bxd4+ 29. Kh1 Kd7 30. dxc6+ Kc8 31. Qd2 Bf6 32. Qd7+ Kb8 33. c7+ 1-0

[Event "2025 Welsh Open"]
[Site "Mercure Cardiff North Hotel, Circle Way East, Llanedeyrn, Cardiff CF23 9XF"]
[Date "2025.04.18"]
[Round "2"]
[Board "4"]
[White "Blackmore, Simon"]
[Black "Vlkova, Anezka"]
[Result "0-1"]
[WhiteElo "1727"]
[BlackElo "1979"]
[PlyCount "66"]
[GameId "2191927195960272"]
[EventDate "2025.04.18"]
[EventRounds "7"]
[EventCountry "WLS"]

1. e4 e6 2. d4 d5 3. e5 c5 4. c3 Nc6 5. Be3 Nge7 6. Nf3 Ng6 7. Nbd2 Be7 8. Bd3 O-O 9. O-O Bd7 10. Re1 Rc8 11. Bxg6 fxg6 12. dxc5 g5 13. Nb3 g4 14. Nfd4 Nxe5 15. Bg5 Bxg5 16. Rxe5 Qf6 17. Re2 e5 18. Nc2 Qf7 19. Rxe5 Qxf2+ 20. Kh1 Bf4 21. Re2 Qh4 22. g3 Bxg3 23. Qxd5+ Rf7 24. Ncd4 Re8 25. Nf5 Rxe2 26. Nxh4 Bc6 27. Qxc6 Rxh2+ 28. Kg1 bxc6 29. Ng2 Rf2 30. Ne3 Bf4 31. Re1 Rxb2 32. Nd4 g3 33. Nxc6 Bxe3+ 0-1

[Event "2025 Welsh Open"]
[Site "Mercure Cardiff North Hotel, Circle Way East, Llanedeyrn, Cardiff CF23 9XF"]
[Date "2025.04.18"]
[Round "2"]
[Board "6"]
[White "Sharhorodsky, Yaroslav"]
[Black "Adams, Mark"]
[Result "1-0"]
[WhiteElo "1703"]
[BlackElo "1916"]
[PlyCount "101"]
[GameId "2191927195972562"]
[EventDate "2025.04.18"]
[EventRounds "7"]
[EventCountry "WLS"]

1. e4 c5 2. Nf3 a6 3. c4 Nc6 4. Nc3 g6 5. d4 cxd4 6. Nxd4 Bg7 7. Nde2 e6 8. g3 Nge7 9. Bg2 O-O 10. O-O Qc7 11. Bf4 e5 12. Be3 d6 13. Nd5 Qd8 14. Nb6 Rb8 15. Nxc8 Rxc8 16. Bh3 f5 17. Nc3 Nd4 18. Bxd4 exd4 19. Nd5 Nxd5 20. cxd5 Rc5 21. exf5 gxf5 22. b4 Rb5 23. Qb3 a5 24. a3 axb4 25. axb4 Kh8 26. Rfb1 f4 27. Qc4 Rb6 28. b5 fxg3 29. hxg3 Rf3 30. Qe2 Rf8 31. Qd3 Qf6 32. f4 h5 33. Be6 Bh6 34. Ra4 Bg7 35. Rb2 Re8 36. Rh2 Bh6 37. Rxh5 Rxe6 38. Ra8+ Kg7 39. dxe6 Qxe6 40. Qxd4+ Kf7 41. Rxh6 Qe1+ 42. Kg2 Qe2+ 43. Kh3 Qf1+ 44. Kh4 Qh1+ 45. Kg4 Qxh6 46. Qxb6 Qg6+ 47. Kf3 Qh5+ 48. Ke3 Ke6 49. Qd4 Qxb5 50. Qe4+ Kf7 51. Qh7+ 1-0

[Event "2025 Welsh Open"]
[Site "Mercure Cardiff North Hotel, Circle Way East, Llanedeyrn, Cardiff CF23 9XF"]
[Date "2025.04.18"]
[Round "2"]
[Board "7"]
[White "Murthy, Arush"]
[Black "Van Noorden, Nicolas"]
[Result "1/2-1/2"]
[WhiteElo "1539"]
[BlackElo "1888"]
[PlyCount "83"]
[GameId "2191927195976659"]
[EventDate "2025.04.18"]
[EventRounds "7"]
[EventCountry "WLS"]

1. d4 Nf6 2. c4 a6 3. Nc3 b5 4. e3 b4 5. Nd5 Nxd5 6. cxd5 Bb7 7. Bc4 e6 8. dxe6 dxe6 9. Nf3 Bd6 10. O-O Nd7 11. Qe2 c5 12. b3 Nf6 13. Bb2 O-O 14. Rfd1 Qe7 15. Rac1 Ne4 16. dxc5 Bxc5 17. Ne5 Rfd8 18. f3 Nc3 19. Bxc3 bxc3 20. Rxd8+ Rxd8 21. Rxc3 Qg5 22. Ng4 h5 23. Nf2 Qe5 24. Rd3 Rxd3 25. Qxd3 Bxe3 26. Qd8+ Kh7 27. Qd3+ f5 28. Qd1 Qb2 29. Qe1 f4 30. Bxe6 Qxa2 31. Kf1 a5 32. Bc4 a4 33. Nd1 a3 34. Nxe3 fxe3 35. Bd3+ Kh8 36. Qxe3 Qa1+ 37. Kf2 Qb2+ 38. Kg3 h4+ 39. Kxh4 Bc6 40. Qe7 Qd4+ 41. Be4 Bxe4 42. Qe8+ 1/2-1/2

[Event "2025 Welsh Open"]
[Site "Mercure Cardiff North Hotel, Circle Way East, Llanedeyrn, Cardiff CF23 9XF"]
[Date "2025.04.18"]
[Round "2"]
[Board "9"]
[White "Turner, George"]
[Black "White, Sam"]
[Result "1-0"]
[WhiteElo "1975"]
[BlackElo "1670"]
[PlyCount "47"]
[GameId "2191927195993045"]
[EventDate "2025.04.18"]
[EventRounds "7"]
[EventCountry "WLS"]

1. e4 c6 2. c4 d6 3. d4 Nf6 4. Nc3 Bg4 5. f3 Bh5 6. g4 Bg6 7. h4 h5 8. g5 Nfd7 9. f4 f5 10. gxf6 gxf6 11. f5 Bf7 12. Nge2 Bxc4 13. Nf4 Bf7 14. Be2 Bh6 15. Ng6 Bxg6 16. fxg6 Bg7 17. Bxh5 Qa5 18. Bg4 Nf8 19. Qb3 Nxg6 20. Qxb7 Kf7 21. Qxa8 Qb6 22. a4 Qxd4 23. Qb7 Nf4 24. Bxf4 1-0

[Event "2025 Welsh Open"]
[Site "Mercure Cardiff North Hotel, Circle Way East, Llanedeyrn, Cardiff CF23 9XF"]
[Date "2025.04.18"]
[Round "2"]
[Board "10"]
[White "Thomas, Mark"]
[Black "Powell-Jones, Liam"]
[Result "1/2-1/2"]
[WhiteElo "1898"]
[BlackElo "1667"]
[PlyCount "143"]
[GameId "2191927195997142"]
[EventDate "2025.04.18"]
[EventRounds "7"]
[EventCountry "WLS"]

1. e4 c6 2. Nc3 d5 3. Nf3 dxe4 4. Nxe4 Bf5 5. Ng3 Bg6 6. h4 h6 7. Ne5 Bh7 8. Qh5 g6 9. Qf3 Nf6 10. Bc4 e6 11. O-O Bd6 12. d4 Nbd7 13. Re1 Bxe5 14. dxe5 Nd5 15. Bxh6 Qxh4 16. Bg7 Rg8 17. Re4 Qe7 18. Bf6 N5xf6 19. exf6 Nxf6 20. Re5 O-O-O 21. Rae1 Rd6 22. Qa3 Kb8 23. Bf1 Qc7 24. c4 Nd7 25. R5e3 g5 26. b4 Bg6 27. c5 Rd4 28. Qc3 Rh4 29. Qd2 Rgh8 30. Qd6 Qxd6 31. cxd6 Nb6 32. a3 Nd5 33. Re5 g4 34. f3 gxf3 35. gxf3 Kc8 36. b5 c5 37. Rc1 b6 38. Bc4 Nf4 39. Bf1 Nd3 40. Bxd3 Bxd3 41. Kf2 Bxb5 42. Rexc5+ bxc5 43. Rxc5+ Kd7 44. Rxb5 Kxd6 45. Ra5 Ra8 46. Ne4+ Kc6 47. Ke3 Kb6 48. Rg5 Rc8 49. Rg7 f5 50. Ng5 Rc3+ 51. Kf2 Rxa3 52. Kg3 Rh1 53. Kf4 Ra4+ 54. Ke5 Re1+ 55. Kf6 a5 56. Nxe6 Ra3 57. Ng5 a4 58. Kxf5 Rc3 59. f4 a3 60. Ne4 Rxe4 61. Kxe4 Rc4+ 62. Ke5 Ra4 63. Rg1 Kb5 64. f5 a2 65. Ra1 Kb4 66. f6 Ra5+ 67. Ke6 Kb3 68. f7 Ra6+ 69. Ke7 Ra7+ 70. Ke8 Ra8+ 71. Ke7 Ra7+ 72. Ke8 1/2-1/2